Contract-II; alongwith sale of goods act and Indian partnership act (Record no. 140365)

MARC details
000 -LEADER
fixed length control field 00429nam a2200157Ia 4500
008 - FIXED-LENGTH DATA ELEMENTS--GENERAL INFORMATION
fixed length control field 230917s9999||||xx |||||||||||||| ||und||
040 ## - CATALOGING SOURCE
-- 136219
Original cataloging agency VIVEKANANDA LIBRARY
041 ## - Language
-- English
082 ## - DDC NUMBER
Classification number 346.022 K141C(11)
100 ## - MAIN ENTRY--PERSONAL NAME
Personal name Kapoor, S.K
245 #0 - TITLE STATEMENT
Title Contract-II; alongwith sale of goods act and Indian partnership act
250 ## - EDITION STATEMENT
Edition statement 11th ed.
260 ## - PUBLICATION, DISTRIBUTION, ETC. (IMPRINT)
Place of publication, distribution, etc Allahabad
Name of publisher, distributor, etc Central law
Date of publication, distribution, etc 2007
300 ## - PHYSICAL DESCRIPTION
Pages xxxiv, 366p p.
942 ## - ADDED ENTRY ELEMENTS (KOHA)
Koha item type Books
Holdings
Withdrawn status Lost status Damaged status Not for loan Location (home branch) Sublocation or collection (holding branch) Date acquired Koha issues (times borrowed) Koha full call number Accession No. Koha date last seen Koha item type
        VIVEKANANDA LIBRARY VIVEKANANDA LIBRARY 13/02/2010   346.022 K141C(11) 244341 17/09/2023 Books
        VIVEKANANDA LIBRARY VIVEKANANDA LIBRARY 13/02/2010 5 346.022 K141C(11) 244342 29/01/2026 Books
        VIVEKANANDA LIBRARY VIVEKANANDA LIBRARY 13/02/2010   346.022 K141C(11) 244344 17/09/2023 Books
        VIVEKANANDA LIBRARY VIVEKANANDA LIBRARY 13/02/2010 1 346.022 K141C(11) 244366 21/04/2025 Books
        VIVEKANANDA LIBRARY VIVEKANANDA LIBRARY 13/02/2010   346.022 K141C(11) 244728 17/09/2023 Books
        VIVEKANANDA LIBRARY VIVEKANANDA LIBRARY 13/02/2010   346.022 K141C(11) 280609 17/09/2023 Books
© Designed and Maintained by Vivekananda Library, MDU Rohtak